[Event "Baden-Baden op"]
[Site "Baden-Baden"]
[Date "2024.02.12"]
[Round "7"]
[White "Carlstedt, Jonathan"]
[Black "Hartmann, Martin"]
[Result "1-0"]
[WhiteElo "2426"]
[BlackElo "2167"]
[PlyCount "69"]
[EventDate "2024.02.09"]
[EventType "swiss"]
[EventRounds "9"]
[EventCountry "GER"]
[SourceTitle "CB08_2024"]
[SourceDate "2024.02.21"]
[SourceVersion "1"]
[SourceVersionDate "2024.02.21"]
[SourceQuality "1"]

1. e4 e5 2. Nf3 Nc6 3. Nc3 Nf6 4. a4 d5 5. Bb5 dxe4 6. Nxe5 Bd7 7. Bxc6 Bxc6 8. Nxc6 bxc6 9. Qe2 Qd4 10. 0-0 Bc5 11. d3 0-0 12. dxe4 Bb4 13. Be3 Qe5 14. f4 Qe7 15. e5 Bxc3 16. bxc3 Nd5 17. Rae1 Qa3 18. Bd4 Qxa4 19. Ra1 Qb5 20. c4 Qb4 21. Rfb1 Nxf4 22. Qe3 Qxc4 23. Qxf4 Rfb8 24. Rxb8+ Rxb8 25. Qe3 Qxc2 26. h3 h6 27. e6 fxe6 28. Qg3 Qh7 29. Rxa7 Rc8 30. Kh2 h5 31. Ra5 Rf8 32. Bxg7 Rf5 33. Ra8+ Kf7 34. Rf8+ Ke7 35. Qxc7# 1-0

[Event "World-chT Rapid"]
[Site "Dusseldorf"]
[Date "2023.08.26"]
[Round "3.7"]
[White "Dordevic, Tom"]
[Black "Carlstedt, Jonathan"]
[Result "1/2-1/2"]
[WhiteElo "1998"]
[BlackElo "2453"]
[PlyCount "143"]
[EventDate "2023.08.26"]
[EventType "team-swiss (rapid)"]
[EventRounds "12"]
[EventCountry "GER"]
[SourceTitle "CBM 215 Extra"]
[Source "ChessBase"]
[SourceDate "2023.09.30"]
[SourceVersion "1"]
[SourceVersionDate "2023.09.30"]
[SourceQuality "1"]
[WhiteTeam "Mitropa Chess Association"]
[BlackTeam "Team Chessemy.com"]
[WhiteTeamCountry "GER"]
[BlackTeamCountry "GER"]

1. Nf3 d5 2. d4 Nf6 3. c4 e6 4. Nc3 c5 5. cxd5 exd5 6. g3 Nc6 7. Bg2 cxd4 8. Nxd4 Bc5 9. Nb3 Bb6 10. 0-0 d4 11. Na4 0-0 12. Bg5 h6 13. Nxb6 axb6 14. Bxf6 Qxf6 15. Bxc6 bxc6 16. Qxd4 Qd8 17. Rfd1 Qc7 18. Qd6 Qb7 19. Nd4 c5 20. Nc6 Bh3 21. Qd5 Rfe8 22. Ne5 Qe7 23. f4 Rad8 24. Qb3 Qb7 25. Qf3 Qxf3 26. exf3 Rxd1+ 27. Rxd1 f6 28. Nd3 Re2 29. Nf2 Be6 30. Rd6 Bc4 31. Nd1 Kf8 32. b3 Bf7 33. Nc3 Rc2 34. Ne4 b5 35. Rb6 b4 36. Rc6 Bd5 37. Rc7 Rxa2 38. Nxc5 g5 39. Nd7+ Ke7 40. Nb6+ Kd6 41. Nxd5 Kxd5 42. Rc4 Ra1+ 43. Kg2 Ra2+ 44. Kh3 Rf2 45. Rxb4 Rxf3 46. Rb6 gxf4 47. Rxf6 Rxb3 48. Rxf4 Ke5 49. Kg4 Rb2 50. Rf5+ Ke4 51. Rf4+ Ke5 52. h4 Rb6 53. Kh5 Rb8 54. Rg4 Kf5 55. Rg6 Rh8 56. g4+ Kf4 57. Rxh6 Rg8 58. g5 Ke5 59. Rh7 Ke6 60. Kh6 Ra8 61. h5 Rf8 62. g6 Kf6 63. Ra7 Rh8+ 64. Rh7 Rf8 65. g7 Rg8 66. Rh8 Kf7 67. Kh7 Rxg7+ 68. Kh6 Rg8 69. Rh7+ Kf6 70. Ra7 Rh8+ 71. Rh7 Rg8 72. Ra7 1/2-1/2

[Event "Berlin Teschner Memorial"]
[Site "Berlin"]
[Date "2023.05.18"]
[Round "2"]
[White "Krischer, Markus"]
[Black "Carlstedt, Jonathan"]
[Result "0-1"]
[WhiteElo "2028"]
[BlackElo "2441"]
[PlyCount "82"]
[EventDate "2023.05.18"]
[EventType "swiss"]
[EventRounds "7"]
[EventCountry "GER"]
[SourceTitle "CBM 214 Extra"]
[Source "ChessBase"]
[SourceDate "2023.07.31"]
[SourceVersion "1"]
[SourceVersionDate "2023.07.31"]
[SourceQuality "1"]

1. e4 c5 2. Nf3 Nc6 3. d4 cxd4 4. Nxd4 g6 5. c4 Bg7 6. Be3 Nf6 7. Nc3 0-0 8. Be2 d6 9. 0-0 Bd7 10. f3 Nxd4 11. Bxd4 Bc6 12. Qd2 Nd7 13. Be3 a5 14. Nd5 e6 15. Nc3 Nc5 16. Rad1 Be5 17. Bg5 f6 18. Be3 g5 19. Nb5 Qb6 20. Nd4 Rae8 21. Nb3 a4 22. Qa5 Qxa5 23. Nxa5 Rb8 24. b4 axb3 25. axb3 Be8 26. b4 Na4 27. Ba7 Rc8 28. Bd4 b6 29. Nb7 Bc6 30. Bxe5 dxe5 31. Nd6 Rcd8 32. Rd2 Rd7 33. c5 bxc5 34. Bc4 Kh8 35. Bxe6 Re7 36. Bb3 cxb4 37. Ra1 Ra8 38. Nf7+ Kg7 39. Rd6 Nc5 40. Rb1 Nxb3 41. Rxb3 Ba4 0-1

[Event "Neckar op 20th"]
[Site "Deizisau"]
[Date "2023.04.08"]
[Round "4"]
[White "Huber, Philipp"]
[Black "Carlstedt, Jonathan"]
[Result "1/2-1/2"]
[WhiteElo "2257"]
[BlackElo "2452"]
[PlyCount "99"]
[EventDate "2023.04.06"]
[EventType "swiss"]
[EventRounds "9"]
[EventCountry "GER"]
[SourceTitle "CBM 213 Extra"]
[Source "ChessBase"]
[SourceDate "2023.05.31"]
[SourceVersion "1"]
[SourceVersionDate "2023.05.31"]
[SourceQuality "1"]

1. d4 Nf6 2. Bg5 Ne4 3. h4 h6 4. Bf4 d6 5. Qd3 Bf5 6. Nc3 Nxf2 7. Qxf5 Nxh1 8. Qh3 e5 9. dxe5 dxe5 10. Rd1 Nd7 11. Bxe5 Bc5 12. Bd4 Qe7 13. Qxh1 0-0-0 14. Qh3 Kb8 15. Nf3 Nf6 16. Qf5 Bxd4 17. Nxd4 a6 18. g3 g6 19. Qf3 c5 20. Nb3 Rxd1+ 21. Kxd1 Rd8+ 22. Kc1 Nd7 23. Nd5 Qd6 24. Qf4 Ne5 25. Bg2 Re8 26. Na5 g5 27. hxg5 hxg5 28. Qxg5 b6 29. Nb3 Ng6 30. Qg4 Ne5 31. Qf4 Ka7 32. c4 Rg8 33. Qe4 f5 34. Qxf5 Rxg3 35. Qh7+ Qd7 36. Qe4 Rg5 37. Nc7 Qc8 38. a4 Rxg2 39. Qxe5 Qg4 40. Qd5 Qf4+ 41. Kb1 Rg1+ 42. Ka2 Qxc7 43. a5 Rg6 44. axb6+ Kxb6 45. e4 Rd6 46. Qe5 Qc6 47. Ka3 Rd8 48. Qc3 Ka7 49. Qa5 Rc8 50. e5 1/2-1/2

[Event "Baden Baden op"]
[Site "Baden-Baden"]
[Date "2023.02.19"]
[Round "5"]
[White "Bentel, Robin"]
[Black "Carlstedt, Jonathan"]
[Result "0-1"]
[WhiteElo "2201"]
[BlackElo "2437"]
[PlyCount "106"]
[EventDate "2023.02.17"]
[EventType "swiss"]
[EventRounds "9"]
[EventCountry "GER"]
[SourceTitle "CBM 212 Extra"]
[Source "ChessBase"]
[SourceDate "2023.03.31"]
[SourceVersion "1"]
[SourceVersionDate "2023.03.31"]
[SourceQuality "1"]

1. d4 Nf6 2. c4 e6 3. Nf3 d5 4. Nc3 c5 5. cxd5 exd5 6. Bg5 Be6 7. e3 c4 8. Be2 Bb4 9. 0-0 0-0 10. Ne5 h6 11. Bh4 g5 12. Bg3 Bxc3 13. bxc3 Ne4 14. Qc2 Bf5 15. Qb2 Qb6 16. Qa3 Qe6 17. Qb2 Qb6 18. Qa3 Qe6 19. Qb2 b6 20. Nf3 Nd7 21. Nd2 Nxg3 22. hxg3 Nf6 23. a4 h5 24. Nf3 g4 25. Nh4 Bh7 26. Bd1 Bd3 27. Re1 Ne4 28. Be2 Qf6 29. Bf1 a6 30. Red1 Bxf1 31. Rxf1 b5 32. a5 Rab8 33. Qb4 Rfe8 34. Ra2 Qe7 35. Nf5 Qxb4 36. cxb4 Re6 37. f3 Ng5 38. fxg4 hxg4 39. Rf4 c3 40. Rxg4 f6 41. Rc2 Rc8 42. Kf2 Kf7 43. Ke2 Rc4 44. Kd3 Rec6 45. Rh4 Ke6 46. g4 Rc8 47. Ng7+ Kd7 48. Rh6 R8c6 49. Nh5 Ne4 50. Nf4 Rxb4 51. Nxd5 Rb2 52. Nxc3 Rxc3+ 53. Rxc3 Nf2# 0-1

[Event "BL2-Nord 2223"]
[Site "Germany"]
[Date "2023.02.05"]
[Round "6.1"]
[White "Carlstedt, Jonathan"]
[Black "Klimkowski, Jan"]
[Result "1/2-1/2"]
[WhiteElo "2428"]
[BlackElo "2441"]
[PlyCount "63"]
[EventDate "2022.10.22"]
[EventType "team-tourn"]
[EventRounds "10"]
[EventCountry "GER"]
[SourceTitle "EXT 2024"]
[Source "ChessBase"]
[SourceDate "2023.10.10"]
[SourceVersion "1"]
[SourceVersionDate "2023.10.10"]
[SourceQuality "1"]
[WhiteTeam "Werder Bremen II"]
[BlackTeam "Ruedersdorf Glueckauf"]
[WhiteTeamCountry "GER"]
[BlackTeamCountry "GER"]

1. d4 Nf6 2. c4 g6 3. Nc3 d5 4. Nf3 Bg7 5. e3 0-0 6. cxd5 Nxd5 7. Bc4 Nb6 8. Bb3 c5 9. 0-0 cxd4 10. exd4 Bg4 11. d5 Na6 12. Be3 Qd7 13. h3 Bxf3 14. Qxf3 Rac8 15. Rad1 Nc5 16. Bd4 Bxd4 17. Rxd4 Nxb3 18. axb3 Qd6 19. Re1 Rcd8 20. Qe3 Rfe8 21. Qg5 Nd7 22. Ne4 Qb6 23. Qe3 Nc5 24. d6 Ne6 25. Rd2 Qxe3 26. Rxe3 Rd7 27. dxe7 Rxd2 28. Nf6+ Kh8 29. Nxe8 Rd1+ 30. Kh2 Rd7 31. Nd6 Rxe7 32. Kg3 1/2-1/2

[Event "Verden op-A"]
[Site "Verden"]
[Date "2023.01.06"]
[Round "4"]
[White "Loecken, Siegfried"]
[Black "Carlstedt, Jonathan"]
[Result "0-1"]
[WhiteElo "1996"]
[BlackElo "2429"]
[PlyCount "96"]
[EventDate "2023.01.05"]
[EventType "swiss"]
[EventRounds "7"]
[EventCountry "GER"]
[SourceTitle "CBM 212 Extra"]
[Source "ChessBase"]
[SourceDate "2023.03.31"]
[SourceVersion "1"]
[SourceVersionDate "2023.03.31"]
[SourceQuality "1"]

1. e4 d6 2. Nc3 Nf6 3. f4 a6 4. Nf3 b5 5. d3 Bb7 6. g3 Nbd7 7. Bg2 e5 8. 0-0 Be7 9. a3 c5 10. Qe2 Qc7 11. Nd1 g6 12. Ne3 h6 13. b3 exf4 14. gxf4 0-0-0 15. c4 Rde8 16. Bb2 Rhg8 17. Rac1 Nh5 18. Nd2 f5 19. Nd5 Bxd5 20. cxd5 Bf6 21. Bxf6 Ndxf6 22. b4 Nxd5 23. bxc5 Ndxf4 24. Qf3 d5 25. exd5 Ne2+ 26. Kh1 Qf4 27. Rb1 Qh4 28. Bh3 Nd4 29. Qg2 Re2 30. Nf3 Rxg2 31. Nxh4 Rc2 32. Rb4 Ne2 33. c6 Kc7 34. a4 Nc3 35. axb5 axb5 36. Bg2 Nf6 37. Ra1 Kd6 38. Rb3 Nfxd5 39. Nf3 Re8 40. Nd4 Ra2 41. Rc1 b4 42. c7 Nxc7 43. Rxb4 N3d5 44. Rbc4 Rxg2 45. Rc6+ Ke5 46. Re1+ Kxd4 47. Rxe8 Nxe8 48. Kxg2 Nef6 0-1

[Event "Titled Tuesday intern op 03rd Jan Early"]
[Site "Chess.com INT"]
[Date "2023.01.03"]
[Round "2"]
[White "Perez Rodriguez, Jennifer"]
[Black "Carlstedt, Jonathan"]
[Result "1-0"]
[WhiteElo "2254"]
[BlackElo "2429"]
[PlyCount "59"]
[EventDate "2023.01.03"]
[EventType "swiss (blitz)"]
[EventRounds "11"]
[EventCountry "USA"]
[SourceTitle "EXT 2024"]
[Source "ChessBase"]
[SourceDate "2023.10.10"]
[SourceVersion "1"]
[SourceVersionDate "2023.10.10"]
[SourceQuality "1"]

1. e4 c5 2. c3 Qa5 3. Nf3 Nc6 4. Na3 e6 5. Be2 Nf6 6. e5 Ng4 7. Nc4 Qc7 8. d4 cxd4 9. cxd4 Bb4+ 10. Bd2 Bxd2+ 11. Qxd2 0-0 12. Rc1 f5 13. 0-0 b6 14. Nd6 Qd8 15. b4 Rb8 16. b5 Ne7 17. Rc2 Bb7 18. Rfc1 Nd5 19. Bc4 Ne7 20. Qe2 Ng6 21. h3 Nh6 22. Qe3 Bxf3 23. Qxf3 Qg5 24. Bf1 Nf7 25. Nxf7 Rxf7 26. Rc8+ Rf8 27. Rxb8 Rxb8 28. Rc7 h6 29. Rxd7 Rc8 30. Qb7 1-0

[Event "Titled Tuesday intern op 03rd Jan Early"]
[Site "Chess.com INT"]
[Date "2023.01.03"]
[Round "6"]
[White "Viskelis, Darius"]
[Black "Carlstedt, Jonathan"]
[Result "1-0"]
[WhiteElo "2144"]
[BlackElo "2429"]
[PlyCount "91"]
[EventDate "2023.01.03"]
[EventType "swiss (blitz)"]
[EventRounds "11"]
[EventCountry "USA"]
[SourceTitle "EXT 2024"]
[Source "ChessBase"]
[SourceDate "2023.10.10"]
[SourceVersion "1"]
[SourceVersionDate "2023.10.10"]
[SourceQuality "1"]

1. e4 c5 2. Nf3 Nc6 3. Bb5 d6 4. 0-0 e5 5. c3 f5 6. d4 fxe4 7. Ng5 Be7 8. Nxe4 cxd4 9. cxd4 d5 10. Qh5+ Kf8 11. Bxc6 bxc6 12. Qf3+ Ke8 13. Qh5+ Kd7 14. Qf5+ Kc7 15. Qxe5+ Kb7 16. Nc5+ Bxc5 17. Qxg7+ Be7 18. Qxh8 Bf5 19. Qe5 Qd7 20. Nc3 Bd6 21. Qe2 Nf6 22. Be3 Rg8 23. Rfe1 Bg4 24. f3 Bh3 25. g3 Bxg3 26. hxg3 Rxg3+ 27. Kh2 Qd6 28. f4 Rxe3 29. Qxe3 Ng4+ 30. Kxh3 Nxe3 31. Rxe3 Qxf4 32. Rae1 Qxd4 33. Re7+ Ka6 34. R1e3 Qf6 35. R7e6 Qf5+ 36. Kg3 Qg5+ 37. Kf2 Kb6 38. b3 d4 39. Na4+ Kb7 40. R3e5 Qf4+ 41. Ke2 h5 42. Kd3 h4 43. Re7+ Ka6 44. Nc5+ Kb6 45. Rb7+ Ka5 46. b4# 1-0

[Event "Baden-Baden Autumn op"]
[Site "Baden-Baden"]
[Date "2022.11.05"]
[Round "5"]
[White "Cofman, Veaceslav"]
[Black "Carlstedt, Jonathan"]
[Result "0-1"]
[WhiteElo "2211"]
[BlackElo "2430"]
[PlyCount "104"]
[EventDate "2022.11.03"]
[EventType "swiss"]
[EventRounds "7"]
[EventCountry "GER"]
[SourceTitle "EXT 2024"]
[Source "ChessBase"]
[SourceDate "2023.10.10"]
[SourceVersion "1"]
[SourceVersionDate "2023.10.10"]
[SourceQuality "1"]

1. d4 d5 2. c4 e6 3. Nf3 Nf6 4. g3 Bb4+ 5. Bd2 a5 6. Bxb4 axb4 7. Nbd2 0-0 8. Bg2 b6 9. 0-0 Bb7 10. cxd5 exd5 11. Ne5 c5 12. e3 Qe7 13. Re1 Rd8 14. Ndf3 Nbd7 15. Qb3 c4 16. Qc2 Rxa2 17. Rxa2 b3 18. Qb1 bxa2 19. Qxa2 Ra8 20. Qb1 b5 21. Qf5 Bc8 22. Qb1 g6 23. Nxd7 Bxd7 24. Ne5 Be6 25. e4 Qb7 26. exd5 Bxd5 27. Bf1 Kg7 28. Qc1 Rd8 29. Qf4 Qb6 30. Rd1 Ba8 31. Bg2 Bxg2 32. Kxg2 Qe6 33. Kg1 Nd5 34. Qf3 h5 35. Ra1 Ne7 36. Ra6 Qf5 37. Qb7 Kf8 38. Ra7 Re8 39. Qxb5 Qb1+ 40. Kg2 Qe4+ 41. Nf3 Nc6 42. Rc7 Qxf3+ 43. Kxf3 Nxd4+ 44. Kg2 Nxb5 45. Rxc4 Re2 46. Rb4 Nd6 47. Kf3 Rc2 48. h3 Kg7 49. g4 hxg4+ 50. hxg4 Nc4 51. b3 Rc3+ 52. Ke2 Na5 0-1

[Event "Baden-Baden Autumn op"]
[Site "Baden-Baden"]
[Date "2022.11.03"]
[Round "1"]
[White "Ciuloi, Victor Stefan"]
[Black "Carlstedt, Jonathan"]
[Result "0-1"]
[WhiteElo "1830"]
[BlackElo "2430"]
[PlyCount "80"]
[EventDate "2022.11.03"]
[EventType "swiss"]
[EventRounds "7"]
[EventCountry "GER"]
[SourceTitle "EXT 2024"]
[Source "ChessBase"]
[SourceDate "2023.10.10"]
[SourceVersion "1"]
[SourceVersionDate "2023.10.10"]
[SourceQuality "1"]

1. d4 Nf6 2. Nf3 d5 3. g3 e6 4. Bg2 b5 5. 0-0 Bb7 6. a4 b4 7. a5 Nbd7 8. a6 Bc6 9. c3 Rb8 10. cxb4 Bxb4 11. Qc2 Rb6 12. Bf4 Bb5 13. Bxc7 Qc8 14. Ne5 Nxe5 15. dxe5 Nd7 16. Na3 Bxa3 17. bxa3 Rc6 18. Qb2 Bxe2 19. Qxe2 Qxc7 20. Rab1 Nc5 21. Qb5 0-0 22. Rfc1 Rc8 23. f4 g6 24. Bf1 Kg7 25. a4 Qd8 26. a5 R6c7 27. Rb2 Ne4 28. Rxc7 Qxc7 29. Bd3 Qc1+ 30. Kg2 Nc3 31. Qb4 d4 32. Rf2 Nd1 33. Qxd4 Nxf2 34. Qxf2 Rd8 35. Be2 Rd2 36. Qe3 Qe1 37. Kf3 Rc2 38. Bd3 Qh1+ 39. Kg4 Qxh2 40. Bxc2 Qh5# 0-1

[Event "Deizisau Autumn op 16th"]
[Site "Deizisau"]
[Date "2022.10.31"]
[Round "6"]
[White "Carlstedt, Jonathan"]
[Black "Cofman, Veaceslav"]
[Result "1/2-1/2"]
[WhiteElo "2428"]
[BlackElo "2244"]
[PlyCount "126"]
[EventDate "2022.10.29"]
[EventType "swiss"]
[EventRounds "7"]
[EventCountry "GER"]
[SourceTitle "EXT 2024"]
[Source "ChessBase"]
[SourceDate "2023.10.10"]
[SourceVersion "1"]
[SourceVersionDate "2023.10.10"]
[SourceQuality "1"]

1. d4 Nf6 2. Bg5 c5 3. d5 d6 4. Nc3 g6 5. e4 Bg7 6. Be2 0-0 7. Qd2 Na6 8. Bh6 Nc7 9. a4 Bxh6 10. Qxh6 e6 11. dxe6 Nxe6 12. Nf3 Nd4 13. Qd2 Nxe2 14. Qxe2 d5 15. Rd1 d4 16. e5 Nd5 17. Ne4 Qa5+ 18. c3 b6 19. 0-0 Qxa4 20. Qd2 Kg7 21. h3 h6 22. Rfe1 Be6 23. cxd4 Qb4 24. dxc5 bxc5 25. Qc1 Rac8 26. Nd6 Rb8 27. Rd2 Qa5 28. Re4 Rb4 29. Rc2 Rxe4 30. Nxe4 Nb4 31. Rxc5 Qb6 32. Qe3 Nd5 33. Qd2 Qb4 34. Qxb4 Nxb4 35. Nd4 Re8 36. Nf6 Re7 37. Rb5 Na6 38. Nc6 Bc4 39. Nxe7 Bxb5 40. Nc8 Nb4 41. Nxa7 Ba4 42. f4 Nd3 43. g3 g5 44. Nc8 gxf4 45. Nh5+ Kf8 46. Nxf4 Nxb2 47. Nb6 Bc6 48. Kf2 Nd1+ 49. Ke2 Nc3+ 50. Kd3 Ne4 51. g4 Ng5 52. Ke3 Nf3 53. e6 fxe6 54. Nxe6+ Ke7 55. Nf4 Ng5 56. h4 Nf7 57. Nbd5+ Kd6 58. Nc3 Ne5 59. g5 hxg5 60. hxg5 Nf3 61. g6 Nh4 62. Ne4+ Bxe4 63. Kxe4 Nxg6 1/2-1/2

[Event "Titled Tuesday intern op 18th Oct Early"]
[Site "Chess.com INT"]
[Date "2022.10.18"]
[Round "2"]
[White "Gabrielian, Artur"]
[Black "Carlstedt, Jonathan"]
[Result "1-0"]
[WhiteElo "2460"]
[BlackElo "2428"]
[PlyCount "37"]
[EventDate "2022.10.18"]
[EventType "swiss (blitz)"]
[EventRounds "11"]
[EventCountry "USA"]
[SourceTitle "EXT 2024"]
[Source "ChessBase"]
[SourceDate "2023.10.10"]
[SourceVersion "1"]
[SourceVersionDate "2023.10.10"]
[SourceQuality "1"]

1. e4 g6 2. d4 Bg7 3. Nc3 a6 4. Be3 d6 5. Qd2 b5 6. h4 h5 7. 0-0-0 Bb7 8. f3 Nd7 9. Nh3 Rc8 10. Ng5 c5 11. e5 cxd4 12. e6 Ne5 13. Bxd4 f6 14. Bxe5 fxe5 15. Bd3 Qa5 16. Bxg6+ Kd8 17. Nf7+ Kc7 18. Nd5+ Bxd5 19. Qxa5+ 1-0

[Event "Itzehoe op"]
[Site "Itzehoe"]
[Date "2022.10.01"]
[Round "1"]
[White "Carlstedt, Jonathan"]
[Black "Wesner, Andy"]
[Result "1-0"]
[WhiteElo "2428"]
[BlackElo "1407"]
[PlyCount "49"]
[EventDate "2022.10.01"]
[EventType "swiss"]
[EventRounds "5"]
[EventCountry "GER"]
[SourceTitle "CBM 210 Extra"]
[Source "ChessBase"]
[SourceDate "2022.11.30"]
[SourceVersion "1"]
[SourceVersionDate "2022.11.30"]
[SourceQuality "1"]

1. e4 d5 2. exd5 Nf6 3. c4 e6 4. dxe6 Bxe6 5. Be2 Bc5 6. Nf3 0-0 7. d4 Bb4+ 8. Bd2 Qe7 9. 0-0 Ne4 10. Be3 Nd7 11. a3 Bd6 12. c5 Ndxc5 13. dxc5 Nxc5 14. Nbd2 Rad8 15. Qc2 h6 16. Nc4 Nd7 17. Nxd6 cxd6 18. Nd4 Bd5 19. Qd2 Nf6 20. Bf3 Bc4 21. Rfe1 Qd7 22. Bxh6 gxh6 23. Qxh6 Nh7 24. Nf5 f6 25. Re7 1-0

[Event "GER-ch Rapid 48th"]
[Site "Goettingen"]
[Date "2022.09.25"]
[Round "8"]
[White "Carlstedt, Jonathan"]
[Black "Stelmaszyk, Nico"]
[Result "1-0"]
[WhiteElo "2433"]
[BlackElo "2355"]
[PlyCount "43"]
[EventDate "2022.09.24"]
[EventType "swiss (rapid)"]
[EventRounds "9"]
[EventCountry "GER"]
[SourceTitle "CBM 210 Extra"]
[Source "ChessBase"]
[SourceDate "2022.11.30"]
[SourceVersion "1"]
[SourceVersionDate "2022.11.30"]
[SourceQuality "1"]

1. d4 d5 2. Nf3 Nf6 3. c4 dxc4 4. e3 a6 5. a4 e6 6. Bxc4 c5 7. Nc3 Nc6 8. 0-0 Qc7 9. Be2 cxd4 10. exd4 Bd6 11. Be3 0-0 12. Rc1 Qa5 13. Nd2 Ne7 14. Nc4 Qd8 15. Bg5 Nf5 16. Bd3 Nxd4 17. Bxf6 gxf6 18. Qg4+ Kh8 19. Qh4 Nf3+ 20. gxf3 Bxh2+ 21. Kxh2 Qd4 22. Qxh7# 1-0